Syarat yang mustahil (Puteri Gunung Ledang)

Bibliographic Details
Main Author: Amril Shah
Corporate Author: Title
Format: Book
Published: Selangor : Oscar Book International , 2005
Series:Siri legenda terkenal
Subjects:

MARC

LEADER 00000cam a2200000 7i4500
001 0000004121
005 20151222.0
008 070724
020 |a 9679416925(set) 
020 |a 967941700X 
090 0 0 |a JF   |b CT MAL (3466) 
100 0 |a Amril Shah 
245 1 0 |a Syarat yang mustahil (Puteri Gunung Ledang)   |c Amril Shah 
260 |a Selangor :   |b Oscar Book International ,   |c 2005 
440 0 |a Siri legenda terkenal 
500 |a Children ages 7-9 years old (orange) 
650 0 |a Classic tales 
650 0 |a Junior fiction   |x Malay   |x Languages 
710 0 |a Title 
999 |a 0000904418   |b Book   |c Teenagers   |e Cawangan Bandar Tenggara 
999 |a 0000904420   |b Book   |c Teenagers   |e Cawangan Bandar Tenggara 
999 |a 0000975130   |b Book   |c Children Collection   |e Perbadanan Perpustakaan Awam Johor 
999 |a 0000975131   |b Book   |c Children Collection   |e Cawangan Segamat 
999 |a 0000975132   |b Book   |c Children Collection   |e Perbadanan Perpustakaan Awam Johor 
999 |a 0000975134   |b Book   |c Children Collection   |e Perbadanan Perpustakaan Awam Johor